000 00581nam a2200193 i 4500
001 134616
003 ES-MaACL
005 20250809025221.0
007 t|
008 070912s1958 sp ||||1| spa d
100 1 _aYanguas Messía, José de,
_d1890-1974
_9117556
245 1 0 _aDerecho internacional privado /
_cJosé de Yanguas Messía.
250 _a2ª ed.
260 _aMadrid :
_bEditorial Reus,
_c1958 (
_fDiana)
300 _a1 v. ;
_c25 cm.
650 0 7 _aDerecho internacional privado
_2embne
_911721
852 _aES-MaACL
_jP-603
_bR.45140
999 _c134616
_d134616